00872 2200205 4500245006400000020002200064250001100086100001200097700002100109650001200130650001600142650001200158005001900170260003700189041001400226084001100240300002800251500037800279336000900657 aSeri Lulus SKU Pramuka b : Penegak BantaracSumantahText a978-602-7596-82-5 aCet. 1 aSumanta aNickyta Pramudia aPramuka aSKU Pramuka aBantara a20240110111630 aJakartabPenerbit Erlanggac2015 aIndonesia a369.43 axxx, 152 hlm. :c20 cm. aPenegak adalah anggota muda Gerakan Pramuka yang berusia 16-20 tahun. Umumnya pada usia tersebut remaja memasuki periode yang disebut masa sosial atau disebut juga masa remaja awal. Di masa ini, remaja akan melakukan pencarian jati diri, bersemangat, suka berdebat, dan berkemauan kuat. Dunia Penegak jauh lebih luas dan melebar daripada dunia Penggalang sebelumnya. Karena atext